| 000 | 00721nam a22002297a 4500 | ||
|---|---|---|---|
| 005 | 20170124105946.0 | ||
| 010 | _aA-713537 | ||
| 020 |
_c00.00 _a8170185378 |
||
| 035 | _aA-713537 | ||
| 037 | _bCen Lib/Ret | ||
| 040 |
_aDPL _bEN |
||
| 082 |
_a250 _bHAZ |
||
| 100 |
_aHazra, Kanai Lal _912303 |
||
| 245 |
_aConstitution of the buddhist sangha / _cby Kanai Lal Hazra |
||
| 260 |
_aDelhi _bB.R. Publishing Corporation _c1988 |
||
| 270 |
_a29/9,Nagina Park Shakti Nagar _bDelhi _e110007 |
||
| 300 |
_axi, 232p. _c20cm(Hb) |
||
| 500 | _aIncludes bibliographical reference and index | ||
| 650 |
_aHistory - Buddhism - political _912304 |
||
| 650 |
_aSanghakamma _912305 |
||
| 942 |
_2ddc _cEN _h250 _mHAZ |
||
| 999 |
_c124897 _d124897 |
||